书目信息 |
| 题名: |
台湾人民抗日斗争史
|
|
| 作者: | 薛军力 , 徐鲁航 著 | |
| 分册: | ||
| 出版信息: | 北京 北京燕山出版社 2007.06 |
|
| 页数: | 236页 | |
| 开本: | 24cm | |
| 丛书名: | 纪念卢沟桥事变六十周年丛书 | |
| 单 册: | ||
| 中图分类: | K256.4 | |
| 科图分类: | ||
| 主题词: | 抗日斗争--kang ri dou zheng--历史--台湾省 | |
| 电子资源: | ||
| ISBN: | 7-5402-0939-9 | |
| 000 | 00999nam 2200277 450 | |
| 001 | 012008979634 | |
| 005 | 20080318162910.40 | |
| 010 | @a7-5402-0939-9@dCNY69.80 | |
| 100 | @a20080318d2007 km y0chiy0120 ea | |
| 101 | 0 | @achi |
| 102 | @aCN@b110000 | |
| 105 | @ay z 000yy | |
| 106 | @ar | |
| 200 | 1 | @a台湾人民抗日斗争史@Atai wan ren min kang ri dou zheng shi@f薛军力, 徐鲁航著@Fxue jun li,xu lu hang zhu |
| 205 | @a第2版 | |
| 210 | @a北京@c北京燕山出版社@d2007.06 | |
| 215 | @a236页@d24cm | |
| 225 | 2 | @a纪念卢沟桥事变六十周年丛书@Aji nian lu gou qiao shi bian liu shi zhou nian cong shu |
| 330 | @a本书共分为七章介绍了:古代台湾,割台及人民的武装反抗斗争,日本在台湾的殖民统治,台湾民族运动兴衰等内容。 | |
| 410 | 0 | @12001 @a纪念卢沟桥事变六十周年丛书 |
| 606 | 0 | @a抗日斗争@Akang ri dou zheng@x历史@y台湾省 |
| 690 | @aK256.4@v4 | |
| 701 | 0 | @a薛军力@Axue jun li@4著 |
| 701 | 0 | @a徐鲁航@Axu lu hang@4著 |
| 801 | 0 | @aCN@bQSSK@c20080318 |
| 905 | @b20287084-86@dK256.4@eX951=2@f3 | |
| 台湾人民抗日斗争史/薛军力, 徐鲁航著.-第2版.-北京:北京燕山出版社,2007.06 |
| 236页;24cm.-(纪念卢沟桥事变六十周年丛书) |
| ISBN 7-5402-0939-9:CNY69.80 |
| 本书共分为七章介绍了:古代台湾,割台及人民的武装反抗斗争,日本在台湾的殖民统治,台湾民族运动兴衰等内容。 |
| ● |
| 相关链接 |
|
|
|
正题名:台湾人民抗日斗争史
索取号:K256.4/X951=2
 
预约/预借
| 序号 | 登录号 | 条形码 | 馆藏地/架位号 | 状态 | 备注 |
| 1 | 287084 | 202870848 | 社科库309/309社科库 35排5列6层/ [索取号:K256.4/X951=2] | 在馆 | |
| 2 | 287085 | 202870857 | 社科库309/309社科库 35排5列6层/ [索取号:K256.4/X951=2] | 在馆 | |
| 3 | 287086 | 202870866 | 社科库309/309社科库 35排5列6层/ [索取号:K256.4/X951=2] | 在馆 |